000 00730cam a2200217 a 4500
001 000001272
005 20200929145528.0
008 721109s1956 vtua 001 0deng
040 _aDO-SdBNP
_cODaWU
_dOCoLC
_dDLC
_bBNPHU
082 _a641.33
_bO41b
100 1 _aOkakura, Kakuzåo,
_d1862-1913.
_94316
245 1 4 _aThe book of tea /
_cKakuzåo Okakura with foreword & biographical sketch by Elise Grilli.
260 _aRutland, Vermont :
_bCharles E. Tuttle,
_c1956.
300 _a133 p. :
_bil. ;
_c20 cm.
650 4 _a
_94317
650 4 _aCeremonia japonesa del té
_94318
651 4 _aJapón
_xVida Social Y Costumbres
_94319
700 1 _aGrilli, Elise.
_94320
910 _aCatalogación por copia / LC
049 _aBNGR
999 _c1215
_d1215